|
|
|
|
| LEADER |
00000nam a22000007a 4500 |
| 005 |
20220823004712.0 |
| 007 |
cr|||| |||| |
| 008 |
220823s2021 pe |||||s|||| 00||0 spa d |
| 020 |
|
|
|a 9786123251963
|
| 035 |
|
|
|a 36933
|
| 040 |
|
|
|a vLex
|
| 090 |
|
|
|c 13787
|d 13787
|
| 100 |
1 |
|
|a Escobar Rozas, Freddy
|
| 245 |
1 |
0 |
|a Reglas insensatas
|h [Recurso electrn̤ico] :
|b Las inconsistencias conceptuales, estratǧicas y polt̕icas del Cd̤igo Civil /
|c Freddy Escobar Rozas
|
| 256 |
|
|
|a Servicio en ln̕ea
|
| 260 |
|
|
|a Lima:
|b Palestra Editores,
|c 2021
|
| 300 |
|
|
|a 1 recurso electrn̤ico
|
| 500 |
|
|
|a El props̤ito del libro es denunciar los problemas de naturaleza conceptual, estratǧica y polt̕ica que presente nuestro Cd̤igo Civil, y sugerir, en caso corresponda, soluciones alternativas. El libro propone la siguiente ruta. El primer capt̕ulo describe las herramientas con las que el lector puede analizar los problemas que presenta el Cd̤igo, a saber: (i) qu ̌son y para qu ̌sirven los conceptos; (ii) qu ̌son y para qu ̌sirven las estrategias; y, (iii) qu ̌son y para qu ̌sirven las polt̕icas. El segundo capt̕ulo describe diversos problemas conceptuales del Cd̤igo. El lector advertir ̀cm̤o el Cd̤igo construye ciertas instituciones centrales (p.e. propiedad, objeto del contrato) sobre conceptos “disfuncionales” (esto es, contradictorios, ambiguos). El tercer capt̕ulo describe diversos problemas estratǧicos del Cd̤igo. El lector advertir ̀cm̤o el Cd̤igo permite obtener determinados resultados “prohibidos” a travš del empleo de esquemas regulados sin que exista fraude a la ley. El cuarto capt̕ulo describe diversos problemas polt̕icos del Cd̤igo. El lector advertir ̀cm̤o el Cd̤igo (i) avasalla la autonoma̕ e (ii) incrementa los costos de transaccin̤.
|
| 506 |
1 |
|
|a Disponible solo en los productos indicados
|d vLex Global
|d vLex Global (Academic Edition, excluding Law Schools)
|d vLex Global (U.S. Academic Edition, Law Schools)
|d vLex Global (U.S. Academic Edition, excluding Law Schools)
|d vLex Global (Academic Edition, Law Schools)
|
| 650 |
0 |
4 |
|a Cd̤igo Civil
|z Per︢
|
| 740 |
0 |
|
|a vLex Libros (Servicio en ln̕ea)
|
| 856 |
4 |
0 |
|u https://app.vlex.com/#/sources/36933
|z Acceso restringido
|
| 942 |
|
|
|c BOOK
|
| 999 |
0 |
|
|a Civil Code
|